| 000 | 00696nam a2200205Ia 4500 | ||
|---|---|---|---|
| 003 | GCL | ||
| 008 | 140319s9999 xx 000 0 ara d | ||
| 040 |
_aGCL / _cGCL |
||
| 082 | 0 | 4 |
_a348.531 _bم.ت |
| 100 | 1 | _aمحمد عبدالجواد محمد | |
| 245 | 1 | 0 |
_aالتطور التشريعى فى المملكة العربية السعودية / _cمحمد عبدالجواد محمد |
| 260 |
_a[S.N] : _bمكتبه النهضه المصريه ، _c1977 |
||
| 300 | _a246 ص | ||
| 490 |
_aسلسلة الكتب القانونية _v0 |
||
| 650 | 0 | 4 | _aالقانون |
| 650 | 0 | 4 | _aالسعودية |
| 650 | 0 | 4 | _aالقضاء |
| 650 | 0 | 4 | _aقوانين وتشريعات |
| 942 |
_2ddc _cBK |
||
| 999 |
_c53911 _d53911 |
||